<?xml version="1.0" encoding="UTF-8"?><?xml-stylesheet type="text/xsl" href="static/style.xsl"?><OAI-PMH xmlns="http://www.openarchives.org/OAI/2.0/" xmlns:xsi="http://www.w3.org/2001/XMLSchema-instance" xsi:schemaLocation="http://www.openarchives.org/OAI/2.0/ http://www.openarchives.org/OAI/2.0/OAI-PMH.xsd"><responseDate>2026-04-17T06:13:55Z</responseDate><request verb="GetRecord" identifier="oai:gredos.usal.es:10366/110663" metadataPrefix="marc">https://gredos.usal.es/oai/request</request><GetRecord><record><header><identifier>oai:gredos.usal.es:10366/110663</identifier><datestamp>2025-06-05T12:40:28Z</datestamp><setSpec>com_10366_4264</setSpec><setSpec>com_10366_4200</setSpec><setSpec>com_10366_3946</setSpec><setSpec>com_10366_3823</setSpec><setSpec>com_10366_4756</setSpec><setSpec>com_10366_4746</setSpec><setSpec>col_10366_4272</setSpec><setSpec>col_10366_68519</setSpec></header><metadata><record xmlns="http://www.loc.gov/MARC21/slim" xmlns:doc="http://www.lyncode.com/xoai" xmlns:xsi="http://www.w3.org/2001/XMLSchema-instance" xmlns:dcterms="http://purl.org/dc/terms/" xsi:schemaLocation="http://www.loc.gov/MARC21/slim http://www.loc.gov/standards/marcxml/schema/MARC21slim.xsd">
<leader>00925njm 22002777a 4500</leader>
<datafield tag="042" ind1=" " ind2=" ">
<subfield code="a">dc</subfield>
</datafield>
<datafield tag="720" ind1=" " ind2=" ">
<subfield code="a">Ferreti, Degmar Aparecida</subfield>
<subfield code="e">author</subfield>
</datafield>
<datafield tag="260" ind1=" " ind2=" ">
<subfield code="c">2011</subfield>
</datafield>
<datafield tag="520" ind1=" " ind2=" ">
<subfield code="a">[ES] El objetivo general de este trabajo es analizar las características e importancia de los conocimientos tradicionales y la naturaleza de los derechos sobre los mismos, a través de un tratamiento jurídico y sociológico, discutiendo la ineficacia del sistema internacional de protección de la propiedad intelectual, con especial referencia a los institutos de patente y derecho de autor, en relación con la protección de los conocimientos producidos por las comunidades tradicionales.</subfield>
</datafield>
<datafield tag="520" ind1=" " ind2=" ">
<subfield code="a">[EN] El objetivo general de este trabajo es analizar las características e importancia de los conocimientos tradicionales y la naturaleza de los derechos sobre los mismos, a través de un tratamiento jurídico y sociológico, discutiendo la ineficacia del sistema internacional de protección de la propiedad intelectual, con especial referencia a los institutos de patente y derecho de autor, en relación con la protección de los conocimientos producidos por las comunidades tradicionales.</subfield>
</datafield>
<datafield tag="024" ind2=" " ind1="8">
<subfield code="a">http://hdl.handle.net/10366/110663</subfield>
</datafield>
<datafield tag="024" ind2=" " ind1="8">
<subfield code="a">10.14201/gredos.110663</subfield>
</datafield>
<datafield ind1=" " ind2=" " tag="653">
<subfield code="a">Tesis y disertaciones académicas</subfield>
</datafield>
<datafield ind1=" " ind2=" " tag="653">
<subfield code="a">Universidad de Salamanca (España)</subfield>
</datafield>
<datafield ind1=" " ind2=" " tag="653">
<subfield code="a">Tesis Doctoral</subfield>
</datafield>
<datafield ind1=" " ind2=" " tag="653">
<subfield code="a">Academic dissertations</subfield>
</datafield>
<datafield ind1=" " ind2=" " tag="653">
<subfield code="a">Propiedad intelectual</subfield>
</datafield>
<datafield ind1=" " ind2=" " tag="653">
<subfield code="a">Copyright</subfield>
</datafield>
<datafield ind1=" " ind2=" " tag="653">
<subfield code="a">Protección jurídica</subfield>
</datafield>
<datafield ind1=" " ind2=" " tag="653">
<subfield code="a">Legal protection</subfield>
</datafield>
<datafield ind1=" " ind2=" " tag="653">
<subfield code="a">Derecho</subfield>
</datafield>
<datafield ind1=" " ind2=" " tag="653">
<subfield code="a">Law</subfield>
</datafield>
<datafield tag="245" ind1="0" ind2="0">
<subfield code="a">La protección jurídica de los conocimientos tradicionales: aportaciones al desarrollo de un sistema sui generis</subfield>
</datafield>
</record></metadata></record></GetRecord></OAI-PMH>